| 000 | 01666nam a2200385Ia 4500 | ||
|---|---|---|---|
| 001 | ebr10279175 | ||
| 003 | CaPaEBR | ||
| 006 | m u | ||
| 007 | cr cn||||||||| | ||
| 008 | 900626s1991 nyuab sb 001 0 eng d | ||
| 010 | _z 90042496 | ||
| 020 | _z9780195065138 | ||
| 020 | _z0195065131 (alk. paper) : | ||
| 040 |
_aCaPaEBR _cCaPaEBR |
||
| 035 | _a(OCoLC)457241903 | ||
| 050 | 1 | 4 |
_aHN80.A33 _bH33 1991eb |
| 100 | 1 | _aHackett, David G. | |
| 245 | 1 | 4 |
_aThe rude hand of innovation _h[electronic resource] : _breligion and social order in Albany, New York, 1652-1836 / _cDavid G. Hackett. |
| 260 |
_aNew York : _bOxford University Press, _c1991. |
||
| 300 |
_axv, 240 p. : _bill., maps. |
||
| 490 | 1 | _aReligion in America series | |
| 500 | _a"The Frank S. and Elizabeth D. Brewer Prize essay of the American Society of Church History." | ||
| 504 | _aIncludes bibliographical references (p. 215-230) and index. | ||
| 533 |
_aElectronic reproduction. _bPalo Alto, Calif. : _cebrary, _d2009. _nAvailable via World Wide Web. _nAccess may be limited to ebrary affiliated libraries. |
||
| 650 | 0 | _aSocial change. | |
| 651 | 0 |
_aAlbany (N.Y.) _xSocial conditions. |
|
| 651 | 0 |
_aAlbany (N.Y.) _xReligion. |
|
| 651 | 0 |
_aAlbany (N.Y.) _xEthnic relations. |
|
| 651 | 0 |
_aNew York (State) _xHistory _yColonial period, ca. 1600-1775. |
|
| 651 | 0 |
_aNew York (State) _xHistory _y1775-1865. |
|
| 655 | 7 |
_aElectronic books. _2local |
|
| 710 | 2 | _aebrary, Inc. | |
| 830 | 0 | _aReligion in America series (Oxford University Press) | |
| 856 | 4 | 0 |
_uhttp://site.ebrary.com/lib/rucke/Doc?id=10279175 _zAn electronic book accessible through the World Wide Web; click to view |
| 999 |
_c3753 _d3753 |
||